|
|
|
|
| LEADER |
00943cam a2200265 7i4500 |
| 001 |
0000068458 |
| 005 |
20220610090000.0 |
| 020 |
|
|
|a 9780781795241 (electronic book)
|
| 090 |
0 |
0 |
|a QP249
|b .D36 2012
|
| 100 |
1 |
|
|a Danziger, John
|
| 245 |
1 |
0 |
|a Renal physiology :
|b a clinical approach
|c John Danziger, Mark Zeidel, Michael J. Parker.
|
| 264 |
|
|
|a Baltimore, MD:
|b Lippincott Williams & Wilkins,
|c 2012.
|
| 300 |
|
|
|a 1 online resource (xiii, 218 pages):
|b illustrations, text file, PDF.
|
| 336 |
|
|
|a text
|2 rdacontent
|
| 337 |
|
|
|a computer
|2 rdamedia
|
| 338 |
|
|
|a online resource
|2 rdacarrier
|
| 650 |
|
0 |
|a Kidney --
|x Physiology
|
| 650 |
|
0 |
|a Kidneys
|
| 655 |
|
0 |
|a Electronic books
|
| 700 |
1 |
|
|a Zeidel, Mark
|
| 700 |
1 |
|
|a Parker, Michael J.
|
| 856 |
4 |
2 |
|u http://library.unisel.edu.my/web/guest/mylibrary
|
| 997 |
|
|
|a Health Sciences, Faculty
|
| 998 |
|
|
|a Physiotherapy, Diploma
|
| 999 |
|
|
|a EBO0012688
|b EBOOK
|c EBOOK
|e Electronic resources
|